00386nam a22001457a 450000500170000001000130001702000220003003500130005203700210006508200120008610000270009824500680012526000270019330000200022020190515165829.0 aA-937266 a8126004169c25.00 aA-937266 bSahitya Akademi. a881.092 aRaghavan, A Srinivasa. aMakers of indian literature nammalvar /cA. Srinivasa Raghavan. bSahitya Akademi.c1974 a96pc21cm (fbk)